000 00297nam a22001337a 4500
003 SGT
020 _a938426671
100 _aMARATHA, SUSHMA
245 _aHUMAN ANATOMY & PHYSIOLOGY -II
250 _a1st
260 _aBIRLA, PUB.
_bDELHI
_c2022
650 _aANATOMY, PHYSIOLOGY
942 _2ddc
_cBK
999 _c24743
_d24743